<?xml version="1.0" encoding="UTF-8"?><?xml-stylesheet type="text/xsl" href="static/style.xsl"?><OAI-PMH xmlns="http://www.openarchives.org/OAI/2.0/" xmlns:xsi="http://www.w3.org/2001/XMLSchema-instance" xsi:schemaLocation="http://www.openarchives.org/OAI/2.0/ http://www.openarchives.org/OAI/2.0/OAI-PMH.xsd"><responseDate>2026-05-17T05:52:33Z</responseDate><request verb="GetRecord" identifier="oai:repisalud.isciii.es:20.500.12105/12944" metadataPrefix="marc">https://repisalud.isciii.es/rest/oai/request</request><GetRecord><record><header><identifier>oai:repisalud.isciii.es:20.500.12105/12944</identifier><datestamp>2025-05-07T12:51:22Z</datestamp><setSpec>com_20.500.12105_2052</setSpec><setSpec>com_20.500.12105_2051</setSpec><setSpec>col_20.500.12105_19609</setSpec></header><metadata><record xmlns="http://www.loc.gov/MARC21/slim" xmlns:dcterms="http://purl.org/dc/terms/" xmlns:doc="http://www.lyncode.com/xoai" xmlns:xsi="http://www.w3.org/2001/XMLSchema-instance" xsi:schemaLocation="http://www.loc.gov/MARC21/slim http://www.loc.gov/standards/marcxml/schema/MARC21slim.xsd">
   <leader>00925njm 22002777a 4500</leader>
   <datafield ind2=" " ind1=" " tag="042">
      <subfield code="a">dc</subfield>
   </datafield>
   <datafield ind2=" " ind1=" " tag="720">
      <subfield code="a">Valdés Ramirez, Odalys</subfield>
      <subfield code="e">author</subfield>
   </datafield>
   <datafield ind2=" " ind1=" " tag="720">
      <subfield code="a">Savón, Clara</subfield>
      <subfield code="e">author</subfield>
   </datafield>
   <datafield ind2=" " ind1=" " tag="720">
      <subfield code="a">Goyenechea, Angel</subfield>
      <subfield code="e">author</subfield>
   </datafield>
   <datafield ind2=" " ind1=" " tag="720">
      <subfield code="a">Valdivia, Angel</subfield>
      <subfield code="e">author</subfield>
   </datafield>
   <datafield ind2=" " ind1=" " tag="720">
      <subfield code="a">González, Grehete</subfield>
      <subfield code="e">author</subfield>
   </datafield>
   <datafield ind2=" " ind1=" " tag="720">
      <subfield code="a">Palerm, Lídice</subfield>
      <subfield code="e">author</subfield>
   </datafield>
   <datafield ind2=" " ind1=" " tag="720">
      <subfield code="a">Melero, Jose Antonio</subfield>
      <subfield code="e">author</subfield>
   </datafield>
   <datafield ind2=" " ind1=" " tag="260">
      <subfield code="c">2004</subfield>
   </datafield>
   <datafield ind2=" " ind1=" " tag="520">
      <subfield code="a">[ES]  Se realizó la secuenciación nucleotídica de la región del tercio C-terminal de la proteína G de 37 muestras de exudados nasofaríngeos, de niños menores de 1 año provenientes de algunas provincias de Cuba durante 5 períodos epidémicos (1995-2000), para conocer los patrones de circulación de cepas del virus sincitial respiratorio humano; el cual se clasifica en 2 subgrupos antigénicos A y B, y cada uno contiene múltiples variantes. El subgrupo A circuló durante todos los años, el subgrupo B se detectó solamente durante el año 2000. Dentro del subgrupo A se observó la presencia de cepas con 2 tamaños diferentes de la proteína G (297 aa y 298 aa), mientras que para el subgrupo B fue observado un único tamaño (295 aa). El análisis filogenético permitió identificar 5 y 2 genotipos dentro de los subgrupos A y B, respectivamente. Los virus de Cuba se relacionaron filogenéticamente con cepas de otras partes del mundo. Dentro del subgrupo A se encontraron 2 cepas, las cuales fueron muy similares a la cepa prototipo Long. Casi todas las cepas del año 2000 de ambos subgrupos, se agruparon filogenéticamente con cepas que circularon en Sudáfrica durante ese mismo período. [EN]  The nucleotide sequencing of the protein G C-terminal region of 37 samples taken from nasopharyngeal washings of under one-year old children from some Cuban provinces was made for 5 epidemic periods (1995-2000) to find out the circulation patterns of strains of human respiratory syncytial virus that is classified in two antigenic subgroups known as A and B; each of them contains multiple variants. Subgroup A has circulated during all these years but subgroup B was detected only in the year 2000. The presence of strains with two different sizes of protein G (297 aa and 298 aa) was observed whereas subgroup B showed only one size (295 aa). Phylogenetic analysis allowed identifying 5 and 2 genotypes within subgroups A and B respectively. Viruses present in Cuba were phylogenetically related to the strains of other parts of the world. Subgroup A comprised two strains very similar to Long prototype strain. Almost all the strains of both subgroups in the year 2000 phylogenetically related with strains that circulated in South Africa during the same period.</subfield>
   </datafield>
   <datafield ind1="8" ind2=" " tag="024">
      <subfield code="a">Rev Cubana Med Trop  . May-Aug 2004;56(2):94-102.</subfield>
   </datafield>
   <datafield ind1="8" ind2=" " tag="024">
      <subfield code="a">0375-0760</subfield>
   </datafield>
   <datafield ind1="8" ind2=" " tag="024">
      <subfield code="a">Revista Cubana de Medicina Tropical</subfield>
   </datafield>
   <datafield ind1="8" ind2=" " tag="024">
      <subfield code="a">15846905</subfield>
   </datafield>
   <datafield ind1="8" ind2=" " tag="024">
      <subfield code="a">http://hdl.handle.net/20.500.12105/12944</subfield>
   </datafield>
   <datafield tag="653" ind2=" " ind1=" ">
      <subfield code="a">Virus sincitial respiratorio humano (VSRH)</subfield>
   </datafield>
   <datafield tag="653" ind2=" " ind1=" ">
      <subfield code="a">Secuenciación nucleotídica de la región del tercio C-terminal de la proteína G</subfield>
   </datafield>
   <datafield tag="653" ind2=" " ind1=" ">
      <subfield code="a">Subgrupos antigénicos A y B</subfield>
   </datafield>
   <datafield tag="653" ind2=" " ind1=" ">
      <subfield code="a">Human respiratory syncytial virus</subfield>
   </datafield>
   <datafield tag="653" ind2=" " ind1=" ">
      <subfield code="a">Nucleotide sequencing of the protein G C-terminal</subfield>
   </datafield>
   <datafield tag="653" ind2=" " ind1=" ">
      <subfield code="a">Antigenic subgroups A and B</subfield>
   </datafield>
   <datafield ind2="0" ind1="0" tag="245">
      <subfield code="a">Diferentes patrones de circulación dentro de los subgrupos A y B del virus sincitial respiratorio humano en algunas provincias de Cuba</subfield>
   </datafield>
</record></metadata></record></GetRecord></OAI-PMH>